000 00774nam a22001937a 4500
999 _c371295
_d371295
008 201127b ||||| |||| 00| 0 eng d
040 _aDE-2950
_bger
_cDE-2950
_erda
041 _ager
245 _a"Dann wurde auch ich krank."
_bPandemie: Polnische Krankenhäuser sind deutlich schlechter aufgestellt als deutsche, vor allem personell. Wie erlebt das eine Covid-19-Patientin in Slubice? /
_cNancy Waldmann
264 _c2021
653 _aSlubice (Polen)
653 _aPandemie / Corona
653 _aMedizinische Versorgung
773 _dFrankfurt (Oder) Märkisches Verlags- und Druckhaus GmbH & Co KG
_tMärkische Oderzeitung
_g33. Jahrgang (2022) Nr. 1 vom 03.01.2022, S. 14
942 _cA